[Event "20th European Teams Women"]
[Site "Reykjavik ISL"]
[Date "2015.11.21"]
[Round "8.3"]
[Board "3"]
[White "Guichard, Pauline"]
[Black "Zhukova, Natalia"]
[Result "0-1"]
[WhiteTitle "WGM"]
[BlackTitle "GM"]
[WhiteElo "2338"]
[BlackElo "2480"]
[WhiteTeam "France"]
[BlackTeam "Ukraine"]
[WhiteFideId "639370"]
[BlackFideId "14101513"]
[EventDate "2015.11.13"]

1. Nf3 d5 2. c4 d4 3. b4 g6 4. Bb2 Bg7 5. e3 e5 6. exd4 exd4 7. d3 a5 8. a3 axb4
9. axb4 Rxa1 10. Bxa1 Qe7+ 11. Qe2 Be6 12. Nxd4 Qxb4+ 13. Nd2 Qa4 14. Bb2 Ne7
15. Qd1 Qxd1+ 16. Kxd1 Bd7 17. N2b3 Ba4 18. Kc1 Na6 19. Nc2 Bh6+ 20. Nd2 O-O 21.
Ne3 f5 22. d4 c5 23. d5 Nb4 24. Be5 Re8 25. f4 Nc8 26. Be2 Nb6 27. Nf3 Nd7 28.
g3 Nxe5 29. Nxe5 Bg7 30. Kd2 Bxe5 31. fxe5 Rxe5 32. Ra1 Rxe3 33. Rxa4 Re8 34.
Ra7 Rb8 35. Bf3 Kf7 36. d6 Ke6 37. Bxb7 Kxd6 38. Bf3 Ke5 39. Rxh7 Rd8+ 40. Ke3
Rd3+ 41. Kf2 Rd2+ 42. Ke3 Ra2 43. Bd1 Ra3+ 44. Kd2 Kd4 45. Rh4+ Ke5 46. Rh8 g5
47. Be2 Ra2+ 48. Ke1 Nc2+ 49. Kf1 Nd4 50. Re8+ Kf6 51. h4 g4 52. Re3 Rc2 53. Bd3
Rc3 54. Ke1 f4 55. Kd2 Rc2+ 56. Bxc2 fxe3+ 57. Kxe3 Nxc2+ 58. Ke4 Ke6 59. h5 Nd4
60. h6 Kf6 61. Kd5 Nb3 62. Ke4 Kg6 63. Kf4 Nd2 64. Kxg4 Nxc4 65. Kf4 Nb6 66. g4
Kxh6 0-1

[Event "20th European Teams Women"]
[Site "Reykjavik ISL"]
[Date "2015.11.21"]
[Round "8.4"]
[Board "2"]
[White "Vojinovic, Jovana"]
[Black "Osmanodja, Filiz"]
[Result "1/2-1/2"]
[WhiteTitle "WGM"]
[BlackTitle "WIM"]
[WhiteElo "2295"]
[BlackElo "2291"]
[WhiteTeam "Serbia"]
[BlackTeam "Germany"]
[WhiteFideId "937266"]
[BlackFideId "24633569"]
[EventDate "2015.11.13"]

1. Nf3 d5 2. d4 Nf6 3. c4 e6 4. Bg5 Be7 5. Nc3 O-O 6. e3 h6 7. Bxf6 Bxf6 8. Qd2
b6 9. O-O-O Ba6 10. h4 g6 11. g4 Bg7 12. g5 h5 13. cxd5 Bxf1 14. Rhxf1 exd5 15.
Ne5 Qd6 16. f4 Nd7 17. Nxd7 Qxd7 18. f5 Rfe8 19. Qd3 Kh7 20. Kb1 Rab8 21. e4
dxe4 22. Nxe4 Qd5 23. Ng3 Rbd8 24. Qc2 Rd7 25. fxg6+ fxg6 26. Rf4 Rde7 27. Rff1
Qd6 28. Nxh5 Re2 29. Nf6+ Bxf6 30. Rxf6 Rxc2 31. Rxd6 Ree2 32. Rd7+ Kg8 33. Rf1
Rxb2+ 34. Kc1 Rbc2+ 35. Kb1 Rb2+ 36. Kc1 Rbc2+ 37. Kb1 Rb2+ 38. Kc1 Rbc2+ 39.
Kb1 Rb2+ 40. Kc1 1/2-1/2

[Event "20th European Teams Women"]
[Site "Reykjavik ISL"]
[Date "2015.11.21"]
[Round "8.4"]
[Board "3"]
[White "Ohme, Melanie"]
[Black "Chelushkina, Irina"]
[Result "1/2-1/2"]
[WhiteTitle "WGM"]
[BlackTitle "WGM"]
[WhiteElo "2301"]
[BlackElo "2271"]
[WhiteTeam "Germany"]
[BlackTeam "Serbia"]
[WhiteFideId "4690745"]
[BlackFideId "928615"]
[EventDate "2015.11.13"]

1. d4 Nf6 2. Nc3 d5 3. Bf4 c6 4. e3 g6 5. Nf3 Bg7 6. Be2 O-O 7. h4 Bg4 8. Ne5
Bxe2 9. Qxe2 Nbd7 10. g4 Nxe5 11. Bxe5 Ne4 12. Bxg7 Kxg7 13. Nxe4 dxe4 14. O-O-O
h6 15. c4 b5 16. Kb1 Qd7 17. Rhg1 Rab8 18. d5 Qd6 19. dxc6 Qxc6 20. Rd4 e5 21.
cxb5 Rxb5 22. Rc1 Qb6 23. Rd2 Rb8 24. Rcc2 Qe6 25. Rc7 R8b7 26. Rxb7 Rxb7 27.
Qd1 Qc4 28. Qc1 Qb4 29. Rd5 Rb5 30. Rd7 Rb6 31. g5 hxg5 32. hxg5 Qb5 33. Rd2 Qb4
34. Rd7 Qb5 35. Rd2 Qb4 36. Rc2 Qe7 37. Qg1 Rd6 38. Qg4 Rd8 39. a3 Rh8 40. Qxe4
Qxg5 41. Rc5 Qg1+ 42. Ka2 Qxf2 43. Rxe5 Qf6 44. Rb5 Rh4 45. Qe8 Rh8 46. Qe4 Rh5
47. Rb8 Qe5 48. Re8 Qxe4 49. Rxe4 g5 50. Ra4 Rh4 51. Rxa7 Re4 52. b4 g4 53. Rc7
Rxe3 54. b5 g3 55. b6 Re2+ 56. Kb3 Re6 57. b7 Rb6+ 58. Ka2 g2 59. Rc1 Rxb7 60.
Rg1 Kf6 61. Rxg2 Ke5 62. Rb2 Ra7 63. Kb3 f5 64. Ra2 Kd4 65. a4 Rb7+ 66. Kc2 f4
67. Kd2 f3 68. a5 Kc4 69. Ke3 1/2-1/2

[Event "20th European Teams Women"]
[Site "Reykjavik ISL"]
[Date "2015.11.21"]
[Round "8.4"]
[Board "4"]
[White "Zarkovic, Mila"]
[Black "Heinemann, Josefine"]
[Result "0-1"]
[WhiteTitle "WIM"]
[WhiteElo "2179"]
[BlackElo "2224"]
[WhiteTeam "Serbia"]
[BlackTeam "Germany"]
[WhiteFideId "900451"]
[BlackFideId "12900460"]
[EventDate "2015.11.13"]

1. e4 c5 2. Nf3 d6 3. d4 cxd4 4. Nxd4 Nf6 5. Nc3 a6 6. h3 e5 7. Nf3 Be7 8. Bc4
Be6 9. Bb3 O-O 10. O-O Nc6 11. Bg5 Rc8 12. Qe2 Na5 13. Rfd1 Nxb3 14. axb3 Qc7
15. Bxf6 Bxf6 16. Ne1 Bg5 17. Nd5 Qd8 18. c4 Bxd5 19. Rxd5 Qb6 20. Qd3 Rc6 21.
Rd1 g6 22. Nf3 Be7 23. Nd2 Rc5 24. Rxc5 Qxc5 25. Nf1 b5 26. Ne3 Bg5 27. Nd5 Rb8
28. Qc3 Kg7 29. Ra1 bxc4 30. bxc4 Qd4 31. Qxd4 exd4 32. Rd1 Rxb2 33. Rxd4 a5 34.
g3 Rd2 35. Rxd2 Bxd2 36. Nb6 Kf6 37. Kf1 Bb4 38. f4 Ke6 39. Ke2 Bc5 40. Na4 Bd4
41. g4 f5 42. exf5+ gxf5 43. Kd3 Bg1 44. Nc3 Bc5 45. Na4 Ba3 46. Nc3 Bc1 47. Ne2
Bb2 48. Nd4+ Kd7 49. Nxf5 Bc1 50. Nd4 Bxf4 51. Kc2 Bg3 52. Kb3 Bf2 53. Nb5 Kc6
54. Nc3 Bh4 55. Ne4 d5 56. cxd5+ Kxd5 57. Nc3+ Kd4 58. Nb5+ Ke5 59. Nc7 Bd8 60.
Nb5 Kf4 61. Nd4 Kg3 62. Ne6 Be7 63. Ka4 Kxh3 64. g5 Kg4 65. g6 hxg6 66. Kxa5 Kf5
67. Nd4+ Ke5 68. Nc6+ Kd6 69. Kb5 g5 70. Nd4 Kd5 71. Nf5 Bd6 72. Ne3+ Ke4 73.
Ng4 Kf4 74. Nf6 Be5 75. Nd5+ Ke4 76. Ne7 g4 77. Ng6 Bf6 78. Nf8 g3 79. Nd7 Bd4 0-1

[Event "20th European Teams Women"]
[Site "Reykjavik ISL"]
[Date "2015.11.21"]
[Round "8.5"]
[Board "1"]
[White "L'Ami, Alina"]
[Black "Zimina, Olga"]
[Result "1-0"]
[WhiteTitle "IM"]
[BlackTitle "IM"]
[WhiteElo "2364"]
[BlackElo "2364"]
[WhiteTeam "Romania"]
[BlackTeam "Italy"]
[WhiteFideId "1210246"]
[BlackFideId "4132190"]
[EventDate "2015.11.13"]

1. d4 d5 2. c4 c6 3. Nc3 e6 4. e4 dxe4 5. Nxe4 Nf6 6. Nxf6+ Qxf6 7. Nf3 Nd7 8.
Bd3 Bb4+ 9. Bd2 Bxd2+ 10. Qxd2 O-O 11. Ng5 g6 12. O-O-O b5 13. h4 bxc4 14. Bxc4
Nb6 15. Bb3 a5 16. h5 a4 17. Ne4 Qf5 18. Bc2 a3 19. b3 Ra7 20. g4 Qf3 21. Ng5
Qf6 22. Nxh7 Kxh7 23. hxg6+ Kg8 24. g7 Rd8 25. Rh7 Rd5 26. Rdh1 Qg5 27. f4 Qxg4
28. Qh2 f5 29. Rh8+ Kxg7 30. Qh7+ Kf6 31. Rh6+ 1-0

[Event "20th European Teams Women"]
[Site "Reykjavik ISL"]
[Date "2015.11.21"]
[Round "8.5"]
[Board "2"]
[White "Brunello, Marina"]
[Black "Bulmaga, Irina"]
[Result "1-0"]
[WhiteTitle "FM"]
[BlackTitle "IM"]
[WhiteElo "2292"]
[BlackElo "2391"]
[WhiteTeam "Italy"]
[BlackTeam "Romania"]
[WhiteFideId "822590"]
[BlackFideId "13903063"]
[EventDate "2015.11.13"]

1. e4 c6 2. Nc3 d5 3. Nf3 Bg4 4. h3 Bxf3 5. Qxf3 Nf6 6. d3 e6 7. a3 Nbd7 8. g3
d4 9. Nb1 e5 10. Bg2 Be7 11. O-O O-O 12. Nd2 b5 13. Qe2 Qc7 14. Nf3 Ne8 15. h4
Nb6 16. Nh2 c5 17. f4 Bd6 18. Ng4 Nd7 19. Bh3 exf4 20. gxf4 f5 21. Nh2 fxe4 22.
dxe4 c4 23. e5 Bc5 24. Qe4 Rd8 25. Nf3 d3+ 26. Kh1 Be7 27. Be3 Nc5 28. Bxc5 Qxc5
29. c3 Nc7 30. Nd4 Kh8 31. h5 Qd5 32. Bg2 Qxe4 33. Bxe4 Bc5 34. Nc6 Ne6 35. Nxd8
Rxd8 36. f5 Ng5 37. Bc6 d2 38. Rad1 a6 39. h6 Rd3 40. e6 Rh3+ 41. Kg2 Bd6 42.
hxg7+ Kxg7 43. f6+ Kg8 44. Rf2 Rh2+ 45. Kf1 Rxf2+ 46. Kxf2 Nxe6 47. Rxd2 Bc5+
48. Kf3 Kf7 49. Bd5 Kxf6 50. Bxe6 Kxe6 51. Rd8 Be7 52. Ra8 Bg5 53. Rxa6+ Kd5 54.
Ra5 Kc6 55. a4 1-0

[Event "20th European Teams Women"]
[Site "Reykjavik ISL"]
[Date "2015.11.21"]
[Round "8.5"]
[Board "3"]
[White "Cosma, Elena-Luminita"]
[Black "Movileanu, Daniela"]
[Result "1/2-1/2"]
[WhiteTitle "WGM"]
[BlackTitle "WFM"]
[WhiteElo "2303"]
[BlackElo "2192"]
[WhiteTeam "Romania"]
[BlackTeam "Italy"]
[WhiteFideId "1201590"]
[BlackFideId "873349"]
[EventDate "2015.11.13"]

1. d4 Nf6 2. Bg5 d5 3. Bxf6 exf6 4. e3 Bd6 5. c4 dxc4 6. Bxc4 O-O 7. Nc3 c6 8.
Nf3 f5 9. O-O Nd7 10. Qc2 Nf6 11. Rad1 Qe7 12. Rfe1 Ne4 13. a3 Re8 14. Bf1 Qf6
15. g3 Be6 16. Bg2 Nxc3 17. Qxc3 Bd5 18. Nd2 Bxg2 19. Kxg2 Rac8 20. Rc1 Rcd8 21.
Qb3 Re7 22. Nf3 Qe6 23. Qxe6 Rxe6 24. Rc3 Rde8 25. Rec1 g6 26. Rb3 R6e7 27. Nd2
Rd7 28. Nc4 Bf8 29. Ne5 Rc7 30. Nd3 Rd8 31. Kf3 Be7 32. Rc4 Kf8 33. Ra4 Ra8 34.
Rc4 Rd8 35. Rc2 Ke8 36. Rbc3 Rcd7 37. h4 h5 38. b4 Rd5 39. Rb3 a6 40. Nc5 Rb8
41. Nd3 Ra8 42. a4 Kd8 43. Ne5 Ke8 44. Nc4 Rb8 45. Nb2 Ra8 46. Nd1 Kd8 47. Nc3
Rd7 48. Rb1 a5 49. b5 c5 50. Ne2 cxd4 51. Nxd4 Rc8 52. Rbc1 Rxc2 53. Rxc2 Rc7
54. Ke2 Rxc2+ 55. Nxc2 Kd7 56. Kd3 Ke6 57. Kc4 b6 58. Nd4+ Kd6 59. Ne2 Ke5 60.
Nc3 Bc5 61. Ne2 Be7 62. f3 Bd8 63. Nf4 Bf6 64. Ne2 Bd8 65. Nd4 Bc7 66. Nc6+ Ke6
67. f4 Kd6 68. Ne5 Ke6 69. Nd3 Bd8 70. Ne1 Be7 71. Nf3 Bc5 72. Kd3 Be7 73. Kc4
Bc5 74. Ng5+ Ke7 75. Kd3 f6 76. Nf3 Kd6 77. Nd4 Kd5 78. Nc6 Bd6 79. Nd4 Bc5 80.
Nc6 Bd6 81. Nd4 1/2-1/2

[Event "20th European Teams Women"]
[Site "Reykjavik ISL"]
[Date "2015.11.21"]
[Round "8.5"]
[Board "4"]
[White "Santeramo, Alessia"]
[Black "Sandu, Mihaela"]
[Result "1-0"]
[WhiteTitle "WFM"]
[BlackTitle "WGM"]
[WhiteElo "2041"]
[BlackElo "2207"]
[WhiteTeam "Italy"]
[BlackTeam "Romania"]
[WhiteFideId "850810"]
[BlackFideId "1204327"]
[EventDate "2015.11.13"]

1. e4 c5 2. Nf3 d6 3. d4 cxd4 4. Qxd4 a6 5. h3 Nc6 6. Qe3 g6 7. Be2 Bg7 8. O-O
Nf6 9. c4 O-O 10. Nc3 Nd7 11. Rd1 Rb8 12. Rb1 Qb6 13. Nd5 Qxe3 14. Bxe3 Nc5 15.
e5 Bf5 16. Rbc1 Rfe8 17. b4 Na4 18. exd6 exd6 19. Rd2 Be4 20. b5 Bxd5 21. cxd5
Nb4 22. a3 Bb2 23. Rxb2 Nxb2 24. axb4 axb5 25. Bxb5 Rec8 26. Ng5 Rxc1+ 27. Bxc1
Nd1 28. Ne4 Ra8 29. Bf4 Ra1 30. Kh2 Rb1 31. Bxd6 f5 32. Nd2 Rb2 33. Nc4 Rb1 34.
Bc5 Nc3 35. Bd7 Rd1 36. Be6+ Kg7 37. Ne3 Rd2 38. Be7 f4 39. Nc4 Rxf2 40. Ne5 Ne4
41. d6 Rf1 42. Nd3 g5 43. d7 Ng3 44. Nf2 Re1 45. Bc4 Rxe7 46. d8=Q Nf5 47. Ng4
Kg6 48. Bd3 1-0

[Event "20th European Teams Women"]
[Site "Reykjavik ISL"]
[Date "2015.11.21"]
[Round "8.6"]
[Board "2"]
[White "Mkrtchian, Lilit"]
[Black "Newrkla, Katharina"]
[Result "1-0"]
[WhiteTitle "IM"]
[BlackTitle "WIM"]
[WhiteElo "2439"]
[BlackElo "2206"]
[WhiteTeam "Armenia"]
[BlackTeam "Austria"]
[WhiteFideId "13300601"]
[BlackFideId "1621629"]
[EventDate "2015.11.13"]

1. c4 c6 2. Nf3 d5 3. e3 Nf6 4. Nc3 e6 5. d4 Nbd7 6. Qc2 Bd6 7. Bd3 dxc4 8. Bxc4
b5 9. Bd3 Bb7 10. Ng5 h6 11. Nge4 Be7 12. O-O O-O 13. Rd1 a6 14. Nxf6+ Bxf6 15.
Ne4 Be7 16. Bd2 f5 17. Nc5 Nxc5 18. dxc5 Qc7 19. b4 Rad8 20. Bc3 Bc8 21. f4 Bf6
22. Bxf6 Rxf6 23. Be2 Rff8 24. Bf3 Rfe8 25. Qc3 Rd5 26. Bxd5 exd5 27. a4 bxa4
28. Rxa4 Re4 29. Rd4 Qe7 30. Rxe4 Qxe4 31. Ra1 Kh7 32. Rc1 h5 33. Qd4 Qe7 34.
Rf1 Be6 35. Qe5 Qf6 36. Qxf6 gxf6 37. Kf2 Kg6 38. Ra1 Bc8 39. Ke2 Kf7 40. Kd3
Ke7 41. Kc3 Kd7 42. Kb3 Kc7 43. Ka4 Be6 44. Ka5 Kb7 45. Rf1 1-0

[Event "20th European Teams Women"]
[Site "Reykjavik ISL"]
[Date "2015.11.21"]
[Round "8.6"]
[Board "3"]
[White "Exler, Veronika"]
[Black "Galojan, Lilit"]
[Result "1-0"]
[WhiteTitle "WFM"]
[BlackTitle "IM"]
[WhiteElo "2192"]
[BlackElo "2298"]
[WhiteTeam "Austria"]
[BlackTeam "Armenia"]
[WhiteFideId "1620550"]
[BlackFideId "13301314"]
[EventDate "2015.11.13"]

1. d4 Nf6 2. c4 e6 3. g3 d5 4. Bg2 Bb4+ 5. Bd2 Be7 6. Nf3 O-O 7. O-O c6 8. Bf4
b6 9. Nc3 Bb7 10. Rc1 Na6 11. cxd5 Nxd5 12. Nxd5 exd5 13. Ne5 c5 14. dxc5 Nxc5
15. b4 Ne6 16. Qb3 Nxf4 17. gxf4 Qd6 18. Rfd1 Rad8 19. b5 Bf6 20. Nc6 Rde8 21.
e3 d4 22. Nxd4 Bxg2 23. Nc6 Qe6 24. Qxe6 fxe6 25. Kxg2 Rf7 26. Rc4 Rc7 27. Rd6
Bb2 28. Re4 Ba3 29. Rdxe6 Rxe6 30. Rxe6 g6 31. Re8+ Kg7 32. Ra8 a5 33. bxa6 Rxc6
34. a7 Rc7 35. Rg8+ Kxg8 36. a8=Q+ Bf8 37. Qd8 Ra7 38. Qxb6 Ra3 39. e4 Kf7 40.
Qb7+ Be7 41. Qd5+ Kg7 42. Qe6 1-0

[Event "20th European Teams Women"]
[Site "Reykjavik ISL"]
[Date "2015.11.21"]
[Round "8.6"]
[Board "4"]
[White "Kursova, Maria"]
[Black "Kopinits, Anna-Christina"]
[Result "1/2-1/2"]
[WhiteTitle "WGM"]
[BlackTitle "WIM"]
[WhiteElo "2307"]
[BlackElo "2231"]
[WhiteTeam "Armenia"]
[BlackTeam "Austria"]
[WhiteFideId "4129709"]
[BlackFideId "1614142"]
[EventDate "2015.11.13"]

1. d4 d5 2. Nf3 Nf6 3. c4 c6 4. e3 Bf5 5. Nc3 a6 6. c5 Bg4 7. Be2 Bxf3 8. Bxf3
Nbd7 9. b4 e5 10. O-O Be7 11. a4 O-O 12. Bd2 exd4 13. exd4 Ne8 14. b5 axb5 15.
axb5 Nc7 16. Be3 Bf6 17. Qd3 Ne6 18. Rxa8 Qxa8 19. Ne2 Qa4 20. Rb1 Re8 21. h3
Ndf8 22. bxc6 bxc6 23. Rb6 Nc7 24. Nc3 Qa8 25. Bd1 Rb8 26. Rxb8 Qxb8 27. Ba4 Qa8
28. Qb1 Nce6 29. Qb4 Nd8 30. Nb1 Nfe6 31. Nd2 Qa6 32. Nf3 Kf8 33. g3 Ke7 34. Kg2
Kd7 35. h4 h6 36. Bc2 h5 37. Bg5 Bxg5 38. hxg5 g6 39. Qb8 Qb7 40. Ne5+ Ke8 41.
Qxb7 Nxb7 42. Nxc6 Kd7 43. Ne5+ Ke7 44. Nf3 Na5 45. Ba4 f6 46. gxf6+ Kxf6 47.
Bd7 Nc7 48. Kf1 Ke7 49. Ba4 Ne6 50. Ke2 Nc7 51. Kd3 Nb7 52. Kc3 Kf6 53. Bc2 Nd8
54. Ba4 Kf5 55. Kd3 g5 56. Bd7+ Nde6 57. Ke3 Kf6 58. Nd2 Nf8 59. Bc8 Ng6 60. Kf3
Ne7 61. Bd7 Ng6 62. Nf1 Nf8 63. Bc8 Nb5 64. Ke3 Ng6 65. Nh2 Ne7 66. Bd7 Nc7 67.
f4 Ng6 68. fxg5+ Kxg5 69. Nf3+ Kf6 70. Kd3 Ne7 71. Ne5 Na6 72. Ke3 Nxc5 73. Ng4+
hxg4 74. dxc5 Ke5 75. Bxg4 d4+ 76. Kd3 Kd5 77. c6 Nxc6 78. Bf3+ Kd6 79. Bxc6
Kxc6 80. Kxd4 Kd6 81. Ke4 Ke6 82. Kf4 Kf6 83. g4 Kg6 84. g5 Kg7 85. Kf5 Kf7 86.
g6+ Kg7 87. Kg5 Kg8 88. Kh6 Kh8 89. Kh5 Kg7 90. Kg5 Kg8 91. Kf6 Kf8 92. g7+ Kg8
93. Kg6 1/2-1/2

[Event "20th European Teams Women"]
[Site "Reykjavik ISL"]
[Date "2015.11.21"]
[Round "8.7"]
[Board "1"]
[White "Botsari, Anna-Maria"]
[Black "Mamedjarova, Zeinab"]
[Result "1-0"]
[WhiteTitle "WGM"]
[BlackTitle "WGM"]
[WhiteElo "2324"]
[BlackElo "2235"]
[WhiteTeam "Greece"]
[BlackTeam "Azerbaijan"]
[WhiteFideId "4200446"]
[BlackFideId "13401521"]
[EventDate "2015.11.13"]

1. d4 d5 2. c4 e6 3. Nf3 c6 4. e3 f5 5. Bd3 Nf6 6. O-O Be7 7. b3 O-O 8. Ba3 Bxa3
9. Nxa3 Qe7 10. Qc1 Nbd7 11. cxd5 cxd5 12. Qb2 a6 13. Rfc1 b5 14. Nc2 Bb7 15. a4
b4 16. a5 Rfc8 17. Ra4 Ne4 18. Nxb4 Rxc1+ 19. Qxc1 Rc8 20. Nc2 Nc3 21. Ra1 e5
22. Nxe5 Nxe5 23. dxe5 Qxe5 24. Qf1 f4 25. exf4 Qxf4 26. Bxa6 Bxa6 27. Qxa6 Rf8
28. Qe6+ Kh8 29. Qe3 Qf6 30. Re1 Nb5 31. f3 h6 32. Qc5 Rb8 33. Qxd5 Qg6 34. Qe4
Qa6 35. b4 Nc3 36. Qe5 Rc8 37. Nd4 Na2 38. Qe7 Qc4 39. Nf5 Rc7 40. Qe8+ Kh7 41.
Ne7 Nxb4 42. Qg6+ Kh8 43. Nf5 Qc5+ 44. Kh1 Qe5 45. Qe8+ Qxe8 46. Rxe8+ Kh7 47.
g4 Ra7 48. Re7 Rxe7 49. Nxe7 g6 50. Kg2 Kg7 51. f4 Kf6 52. Nc8 Ke6 53. Nb6 Kd6
54. Kf3 Kc6 55. Nc4 Kb5 56. Ne5 Kxa5 57. Nxg6 Kb5 58. Ke4 Kc5 59. Ne7 Kd6 60.
Nf5+ Ke6 61. Nxh6 Kf6 62. h4 Na6 63. f5 Nc5+ 64. Kd5 Nd3 65. g5+ Kg7 66. Ke4 1-0

[Event "20th European Teams Women"]
[Site "Reykjavik ISL"]
[Date "2015.11.21"]
[Round "8.7"]
[Board "2"]
[White "Mammadova, Gulnar"]
[Black "Pavlidou, Ekaterini"]
[Result "0-1"]
[WhiteTitle "WGM"]
[BlackTitle "WIM"]
[WhiteElo "2303"]
[BlackElo "2235"]
[WhiteTeam "Azerbaijan"]
[BlackTeam "Greece"]
[WhiteFideId "13403508"]
[BlackFideId "4213262"]
[EventDate "2015.11.13"]

1. e4 c5 2. Nf3 g6 3. d4 cxd4 4. Qxd4 Nf6 5. e5 Nc6 6. Qa4 Nd5 7. Qe4 Nb6 8. Nc3
Bg7 9. Bf4 d5 10. exd6 Bf5 11. Qe3 O-O 12. O-O-O exd6 13. Rxd6 Qc8 14. Bh6 Re8
15. Qd2 Bh8 16. Bb5 a6 17. Be2 Nb4 18. Nd4 Qc5 19. Nb3 Qc7 20. Bf4 Bxc3 21. bxc3
Nxa2+ 22. Kb2 Rxe2 23. Qxe2 Na4+ 24. Kxa2 Nxc3+ 25. Kb2 Nxe2 26. Rxg6+ Bxg6 27.
Bxc7 Rc8 28. Re1 Nc3 29. Be5 Nd5 30. c3 Re8 31. f3 Nf4 32. Nc1 f6 33. g3 Nh3 34.
f4 fxe5 35. fxe5 Ng5 36. Rd1 Rxe5 37. Rd8+ Kf7 38. h4 Rb5+ 39. Ka3 Ne4 40. Ne2
Ke7 41. Rd4 Nc5 42. Nf4 Bf7 0-1

[Event "20th European Teams Women"]
[Site "Reykjavik ISL"]
[Date "2015.11.21"]
[Round "8.7"]
[Board "3"]
[White "Tsolakidou, Stavroula"]
[Black "Kazimova, Narmin"]
[Result "1/2-1/2"]
[WhiteTitle "WIM"]
[BlackTitle "WGM"]
[WhiteElo "2268"]
[BlackElo "2323"]
[WhiteTeam "Greece"]
[BlackTeam "Azerbaijan"]
[WhiteFideId "4264312"]
[BlackFideId "13402951"]
[EventDate "2015.11.13"]

1. d4 Nf6 2. c4 e6 3. g3 d5 4. Bg2 dxc4 5. Nf3 a6 6. O-O Nc6 7. e3 Rb8 8. Nfd2
e5 9. Bxc6+ bxc6 10. dxe5 Ng4 11. Nxc4 Qd5 12. b3 Be6 13. Qe2 Nxe5 14. Nxe5 Qxe5
15. Bb2 Qb5 16. Nc3 Qb7 17. f4 f5 18. Qh5+ g6 19. Qe2 Rg8 20. e4 Kf7 21. Rae1
Bc5+ 22. Kg2 Rbe8 23. Qc2 Bd4 24. Na4 Bxb2 25. Qxb2 Qb4 26. Qc3 Qxc3 27. Nxc3
fxe4 28. Kf2 Bf5 29. Re3 Re6 30. Rd1 Rge8 31. Rd7+ R8e7 32. Rxe7+ Kxe7 33. h3
Bxh3 34. Nxe4 h6 35. Nc5 Rxe3 36. Kxe3 Kd6 37. Nxa6 c5 38. b4 cxb4 39. Nxb4 Kc5
40. Nd3+ Kd5 41. Ne5 Bf5 42. Nf7 h5 43. Ne5 Kc5 44. a3 Kd5 45. a4 Kc5 46. a5 Kb5
47. Kd4 Bb1 48. Kd5 Ba2+ 49. Kd4 Bb1 50. Kd5 Ba2+ 51. Kd4 Bb1 52. Kd5 1/2-1/2

[Event "20th European Teams Women"]
[Site "Reykjavik ISL"]
[Date "2015.11.21"]
[Round "8.7"]
[Board "4"]
[White "Abdulla, Khayala"]
[Black "Kouvatsou, Maria"]
[Result "0-1"]
[WhiteTitle "WGM"]
[BlackTitle "WGM"]
[WhiteElo "2283"]
[BlackElo "2073"]
[WhiteTeam "Azerbaijan"]
[BlackTeam "Greece"]
[WhiteFideId "13401807"]
[BlackFideId "4203593"]
[EventDate "2015.11.13"]

1. e4 e5 2. Nf3 Nf6 3. Nxe5 d6 4. Nf3 Nxe4 5. d4 d5 6. Bd3 Bd6 7. O-O O-O 8. c4
c6 9. Re1 Bf5 10. Qb3 Na6 11. cxd5 Nac5 12. dxc5 Nxc5 13. Bxf5 Nxb3 14. axb3
cxd5 15. Nc3 Qb6 16. Bc2 d4 17. Ne4 Rac8 18. Bd3 Bb4 19. Rd1 h6 20. Bc4 Rfd8 21.
Ne5 Rc7 22. Nd3 Re7 23. f3 a5 24. Ra4 Qc6 25. Nxb4 axb4 26. Rxb4 d3 27. Be3 Kh8
28. Bb6 Ra8 29. Rxd3 Ra1+ 30. Kf2 Kh7 31. Rd6 Qc8 32. Bd3 f5 33. Nc3 g6 34. Rc4
Qb8 35. Rcd4 Qf8 36. Bc4 Qg7 37. Nd5 Qe5 38. Nf6+ Kg7 39. Ne4 fxe4 40. Rd7 exf3
41. Rxe7+ Qxe7 42. gxf3 Qe1+ 43. Kg2 Qh1+ 44. Kg3 Rg1+ 45. Kf4 Qxh2+ 46. Ke4
Re1+ 47. Kd3 Rd1+ 48. Kc3 Rxd4 49. Bxd4+ Kh7 50. Bd5 h5 51. Kd3 Qc7 52. Ke4 h4
53. Be6 Qc2+ 54. Kf4 Qd2+ 55. Ke4 Qe2+ 56. Be3 Qxb2 57. Bg5 Qe2+ 58. Be3 Qg2 0-1

[Event "20th European Teams Women"]
[Site "Reykjavik ISL"]
[Date "2015.11.21"]
[Round "8.8"]
[Board "1"]
[White "Vega Gutierrez, Sabrina"]
[Black "Atalik, Ekaterina"]
[Result "1-0"]
[WhiteTitle "IM"]
[BlackTitle "IM"]
[WhiteElo "2392"]
[BlackElo "2385"]
[WhiteTeam "Spain"]
[BlackTeam "Turkey"]
[WhiteFideId "2219026"]
[BlackFideId "4130189"]
[EventDate "2015.11.13"]

1. Nf3 Nf6 2. c4 g6 3. Nc3 d5 4. cxd5 Nxd5 5. Qb3 Nb6 6. d4 Bg7 7. e4 O-O 8. Be3
Bg4 9. O-O-O a5 10. Kb1 a4 11. Qc2 a3 12. b3 e6 13. h3 Bxf3 14. gxf3 Nc6 15. Nb5
Nc8 16. h4 Nd6 17. e5 Nxb5 18. Bxb5 Nb4 19. Qd2 Nd5 20. h5 c6 21. Bc4 Nxe3 22.
fxe3 Re8 23. hxg6 hxg6 24. f4 Qa5 25. Qc2 Rac8 26. Rdg1 b5 27. Bd3 Re7 28. f5
exf5 29. Bxf5 Rcc7 30. e6 Kf8 31. Rh7 f6 32. Qh2 Kg8 33. Rxg6 1-0

[Event "20th European Teams Women"]
[Site "Reykjavik ISL"]
[Date "2015.11.21"]
[Round "8.8"]
[Board "4"]
[White "Topel, Zehra"]
[Black "Calzetta Ruiz, Monica"]
[Result "1/2-1/2"]
[WhiteTitle "WIM"]
[BlackTitle "WGM"]
[WhiteElo "2106"]
[BlackElo "2252"]
[WhiteTeam "Turkey"]
[BlackTeam "Spain"]
[WhiteFideId "6302661"]
[BlackFideId "2204185"]
[EventDate "2015.11.13"]

1. Nf3 c5 2. c4 Nf6 3. d4 cxd4 4. Nxd4 Nc6 5. Nc3 g6 6. e4 d6 7. Be2 Nxd4 8.
Qxd4 Bg7 9. Bg5 O-O 10. Qd2 a5 11. Rd1 Be6 12. O-O a4 13. Qe3 Qa5 14. f4 Rfc8
15. e5 Ng4 16. Bxg4 Bxg4 17. Nd5 Bxd1 18. Nxe7+ Kh8 19. Nxc8 Rxc8 20. Rxd1 dxe5
21. fxe5 Qxe5 22. Qxe5 Bxe5 23. b3 axb3 24. axb3 Kg7 25. Rd5 Rc5 26. Rxc5 Bd4+
27. Kf1 Bxc5 28. Ke2 f5 29. Be3 Bd6 30. g3 Kf6 31. Kd3 g5 32. c5 Bc7 33. b4 g4
34. b5 Ke6 35. Kc4 h5 36. b6 Be5 37. c6 h4 38. c7 Kd7 39. Bf2 hxg3 40. hxg3 f4
41. gxf4 Bxf4 42. Bg1 g3 43. Kd3 Bxc7 1/2-1/2

[Event "20th European Teams Women"]
[Site "Reykjavik ISL"]
[Date "2015.11.21"]
[Round "8.9"]
[Board "1"]
[White "Ptacnikova, Lenka"]
[Black "Tuominen, Tanja"]
[Result "1/2-1/2"]
[WhiteTitle "WGM"]
[BlackTitle "WIM"]
[WhiteElo "2189"]
[BlackElo "2109"]
[WhiteTeam "Iceland"]
[BlackTeam "Finland"]
[WhiteFideId "305650"]
[BlackFideId "502340"]
[EventDate "2015.11.13"]

1. e4 c5 2. Nc3 Nc6 3. f4 e6 4. Nf3 Nd4 5. d3 Ne7 6. Nxd4 cxd4 7. Ne2 Nc6 8. g3
Bc5 9. Bg2 O-O 10. O-O f5 11. Kh1 Rb8 12. c3 dxc3 13. bxc3 fxe4 14. d4 Bd6 15.
Bxe4 b5 16. Rb1 Na5 17. Qd3 h6 18. d5 Nc4 19. Nd4 Ba6 20. dxe6 Bc5 21. Bd5 Kh8
22. Re1 Nb6 23. Bg2 Qf6 24. Be3 Rbd8 25. e7 Bxe7 26. Nxb5 Na4 27. Bd4 Qf7 28.
Qe4 Bc5 29. Bxg7+ Qxg7 30. Qxa4 Rf6 31. Nc7 Bd3 32. Rbd1 Qg6 33. Nd5 Ra6 34. Qb3
Bc2 35. Qc4 Bxd1 36. Qxc5 Bc2 37. Qe7 Rg8 38. Qxd7 Rd6 39. Qxa7 Qd3 40. Qc5 Rgd8
41. Ne7 Rf6 42. Nd5 Rfd6 43. Nb4 Qf5 44. Qe3 Rd1 45. Nxc2 Qxc2 46. Qe5+ Kg8 47.
Qe6+ 1/2-1/2